| 000 | 00966nam a22001817a 4500 | ||
|---|---|---|---|
| 999 |
_c58852 _d58852 |
||
| 003 | Ge_BSU | ||
| 005 | 20221010125739.0 | ||
| 008 | 221010s2009 ge ||||| |||| 00| 0 geo d | ||
| 020 | _a9789941125485 | ||
| 041 | _ageo | ||
| 080 | _a1 ფ-56 | ||
| 245 |
_aფილოსოფია, რელიგია, კულტურა : [კრებული] : _b ეძღვნ. ფილოსოფოსის, პროფესორ ვაჟა გოგობერიშვილის ხსოვნას / _cსავლე წერეთლის ფილოსოფიის ინ-ტი ; [რედ.: კახა ქეცბაია, აკაკი ყულიჯანიშვილი]. |
||
| 264 |
_aთბ. : _b უნივერსალი, _c2009. |
||
| 300 |
_a168გვ. ; _b20 სმ. |
||
| 653 | _aკულტურა. | ||
| 700 |
_aქეცბაია, კახა _eრედაქტორი _95287 |
||
| 942 |
_2udc _cBK |
||